|
|
|
|
| LEADER |
01008nam a2200253 a 4500 |
| 001 |
1264712 |
| 008 |
090913s1972 ohua b 001 0 eng d |
| 010 |
|
|
|a 74161434
|
| 020 |
|
|
|a 0675097614
|
| 040 |
|
|
|a DLC
|c DLC
|d DLC
|
| 082 |
0 |
0 |
|a 507
|2 18
|
| 100 |
1 |
|
|a Sund, Robert B.
|
| 245 |
1 |
0 |
|a Behavioral objectives and evaluational measures;
|b science and mathematics
|c [by] Robert B. Sund [and] Anthony J. Picard.
|
| 260 |
|
|
|a Columbus, Ohio,
|b Merrill
|c 1972
|
| 300 |
|
|
|a viii, 214 p.
|b illus.
|c 23 cm.
|
| 504 |
|
|
|a Includes bibliography and index.
|
| 541 |
1 |
|
|e 00005099
|
| 650 |
|
0 |
|a Science
|x Study and teaching.
|
| 650 |
|
0 |
|a Mathematics
|x Study and teaching.
|
| 650 |
|
0 |
|a Educational psychology.
|
| 700 |
1 |
|
|a Picard, Anthony J.,
|e joint author.
|
| 852 |
4 |
|
|a Ayesha Abed Library
|j General Shelf.
|
| 999 |
|
|
|c 4128
|d 4128
|
| 952 |
|
|
|0 0
|1 0
|2 ddc
|4 0
|6 507_SUN_197200000000000
|7 0
|9 3801
|a BRACUL
|b BRACUL
|c GEN
|d 2009-10-03
|g 0.00
|l 0
|o 507 SUN
|p 3010005099
|r 2009-10-03
|t 1
|w 2009-10-03
|y BK
|x No price found in the accession register.
|